|
|
|
|
| LEADER |
00000nam a22000007a 4500 |
| 005 |
20220812015554.0 |
| 007 |
cr|||| ||| |
| 008 |
220812s2021 br |||||s|||| 00||0 por d |
| 020 |
|
|
|a 978-85-93741-88-3
|
| 035 |
|
|
|a 36819
|
| 040 |
|
|
|a vLex
|
| 090 |
|
|
|c 13693
|d 13693
|
| 100 |
1 |
|
|a de Moraes Mello, Cleyson
|
| 245 |
1 |
0 |
|a Mandado de Seguranȧ
|b Individual - Coletivo /
|h [Recurso electrn̤ico] :
|c Cleyson de Moraes Mello
|
| 256 |
|
|
|a Servicio en ln̕ea
|
| 260 |
|
|
|a Rio de Janeiro:
|b Editora Processo,
|c 2021
|
| 300 |
|
|
|a 1 recurso electrn̤ico
|
| 500 |
|
|
|a Esta obra oferece uma clara e panorḿica visô de como vm̊ sendo realizados os estudos, pesquisas e a jurisprudn̊cia do STF e STJ judiciais sobre o Mandado de Seguranȧ. O autor apresenta uma personals̕sima anl̀ise do mais refinado pensamento deste instituto jurd̕ico, abordando temas como: hipt̤eses de cabimento ou nô de Mandado de Seguranȧ, direito lq̕uido e certo, legitimidade ativa e passiva, competn̊cia, petiȯ̂ inicial, recursos, dentre outros temas relevantes. A obra possibilita, portanto, o conhecimento do enfoque acadm̊ico relativamente ̉teoria e prt̀ica do Mandado de Seguranȧ Individual e Coletivo, primando pela qualidade dos conceitos e categorias jurd̕icas.
|
| 506 |
1 |
|
|a Disponible solo en los productos indicados
|d vLex Global
|d vLex Global (Academic Edition, excluding Law Schools)
|d vLex Global (U.S. Academic Edition, Law Schools)
|d vLex Global (U.S. Academic Edition, excluding Law Schools)
|d vLex Global (Academic Edition, Law Schools)
|
| 650 |
0 |
4 |
|a Derecho Penal
|z Brasil
|
| 740 |
0 |
|
|a vLex Libros (Servicio en ln̕ea)
|
| 856 |
4 |
0 |
|u https://app.vlex.com/#/sources/36819
|z Acceso restringido
|
| 942 |
|
|
|c BOOK
|
| 999 |
0 |
|
|a Criminal law
|